000 00782nam a2200241 a 4500
001 000016862
005 20240412074245.0
008 100311s2010 dr 000 0 spa d
020 _a9789945460568
040 _aDO-SdBNP
_bspa
_cBNPHU
082 _aRD863.5
_bR789j, 2010
100 1 _aRosario, Fari,
_d1981-
_914871
245 1 3 _aEl jabalí y otros microcuentos /
_cFari Rosario ; prólogo Manuel Salvador Gautier.
250 _a2a ed.
260 _aSanto Domingo :
_bSantuario,
_c2010.
300 _a104 p. ;
_c22 cm.
500 _aIncluye datos biográficos del autor.
650 0 _aCuentos dominicanos
_9176
650 0 _aLiteratura dominicana.
_967
700 1 _aGautier, Manuel Salvador,
_epról.
_914947
910 _aValidado. Control de calidad BNPHU
049 _aBNPD
999 _c16394
_d16394